000 00363nam a2200157Ia 4500
003 OSt
005 20231123051816.0
008 170524s9999 xx 000 0 und d
020 _a81-224-1283-1
040 _cIIMT
100 _aSubbulakshmi
245 0 _aFood processing and preservation
260 _bNew Age International
260 _c2006
942 _2ddc
_c02
999 _c7462
_d7462